Questions-réponses sur Allouville - Statistiques

Statistiques générales
  • Ce quiz a été pris 5 fois
  • Le résultat moyen est 12 sur 16
Statistiques - réponses
Questions Réponses % Correct
Île des Antilles françaises où débarqua Pierre Belain d’Esnambuc, natif d'Allouville, et où il fonda la ville de Saint-Pierre. La Martinique
100%
Région administrative dans laquelle est située Allouville. La Normandie
100%
Fleuve qui coule à environ dix bornes au sud d'Allouville. La Seine
100%
Période troublée au cours de laquelle l'arbre est menacé de destruction par une foule en liesse qui voulut incendier ce symbole d'un "pouvoir clérical honni". La Terreur - Révolution française
100%
Ville située à 40 bornes au bas mot, à l'est d'Allouville dans la même région, ville où sainte Jeanne d'Arc fut brûlée vive. Rouen
100%
Arbre réputé le plus vieux de France qui fait la renommée d'Allouville. Un chêne
100%
Édifice religieux établi en deux exemplaires dans le creux du tronc de cet arbre. Des chapelles
80%
Région naturelle et pays historique de la région administrative citée plus haut (réponse #1), appartenant au Bassin parisien (au sens large du terme). Allouville se trouve au cœur de cette région : le Pays de ___. Le Pays de Caux
80%
Dynastie toscane qui donna deux reines à la France. Elle donne son nom au style du clocher de l'Église Saint-Quentin d'Allouville. Les Médicis
80%
Commune avec laquelle Allouville est fusionnée depuis 1823. Bellefosse
60%
Impératrice des Français qui offrit à l'arbre une statue en bois doré de la très sainte Vierge Marie. Elle se trouve aujourd'hui dans la sacristie de l'église Saint-Quentin. Eugénie de Montijo
60%
Viking ayant envahi l'Angleterre à la suite de la Bataille d'Hastings en 1066. Selon la légende, il aurait fait halte au pied de l'arbre d'Allouville. Guillaume le Conquérant
60%
Acteur principal du film de Serge Pénard réalisé en 1980 au sujet de cet arbre (le titre du film y fait référence). Jean Lefebvre
60%
Acteur qui joua le rôle du maire dans ce même film, maire désireux de réaliser un projet de complexe sportif qui menacerait les racines de l'arbre, ce qui provoque la colère des habitants. Cet acteur et le précédent ont tourné ensemble notamment dans les deux premiers volets de la 7e Compagnie. Pierre Tornade
40%
Président de la République française imité et incarné par J.C. Poirot dans le même film au sujet de l'arbre d'Allouville. Valery Giscard d'Estaing
40%
Maître de l'argot et auteur du roman (éponyme) dont le film est une adaptation. Il tient dans le film un petit rôle de guide touristique. Alphonse Boudard
20%
Aucun quiz correspondant
Distribution des résultats
% des personnes avec chaque résultat
Percentile par nombre de réponses
Votre historique - résultats
Vous n’avez pas pris ce quiz